000 nam a22 a 4500
999 _c206363
_d206363
003 BLK
005 20181120105137.0
008 180411b bul|||||r ||||||| ||bul||
010 _aKNG00216112000
020 _a978-954-09-1215-8
040 _aBLK
041 _aBUL
_cBUL
080 _aБългарска литература
_b821.163.2
_x(092)
_z821.163.2(092)
080 _aБългарска литература
_b821.163.2
_x.09
_z821.163.2.09
080 _aБиографии - България
_b929(497.2)
_z929(497.2)
100 1 _aАндасаров, Петър Георгиев
_eпърви автор
_9377840
139 _aАндасаров, Петър Георгиев
_bА 65
245 1 0 _aОтгласи
_bлитературна критика
_cПетър Андасаров.
257 _aBGR
260 _c2017
_9209473
_aСофия
_bЗахарий Стоянов
_fБлагоевград : Бон принт
300 _a456 с.
_c20 см
380 _a82
500 _aПоетът, който свети с думите / Иван Гранитски: с. 7-16. - Иван Гранитски - псевд. на Иван Йорданов Димитров. - За автора: с. 448-449. - На загл. с. означено кн. 4.
659 7 _9178160
_aН
_xНови книги
700 _91236
_aГранитски, Иван
_eпредг. от
_qДимитров, Иван Йорданов
852 _aЦб 289174
852 _aЦб 291414
856 4 _qpdf
856 4 _qpdf
942 _cKNG
_n0
944 _aCR
_c19.02.2018
_kВиолета_Тройчева
944 _aED
_c20.02.2018
_kВиолета_Тройчева
999 _d206363
999 _d206363
999 _d206363